000 00436cam a2200181ua 4500
001 5898
008 131026n ii |||gr||||Z||||||eng
040 _cMAIN
082 _a954
245 _aHandbook of Indian History
260 _aCalcutta:
_bDass Publishing Concern,
_c1986.
300 _aii,135p.
653 _aHistory
653 _aHandbook of Indian History
700 _aSen,
_eEditor.,
700 1 _aDas,
_eEditor.
942 _cBK
999 _c5052
_d5052